Minecraft Pillager Outpost Biomes- Sudden Death - Statistics

General Stats
  • This quiz has been taken 14 times
  • The average score is 5 of 12
Answers on the Grid
Answers color-coded by a green-red scale on the quiz's grid according to % correct below.
Badlands
Beach
Birch forest
Cherry grove
Desert
Eroded badlands
Forest
Frozen peaks
Grove
Ice spikes
Jagged peaks
Jungle
Meadow
Old growth pine taiga
Old growth spruce taiga
Plains
Savanna
Savanna plateau
Snowy beach
Snowy plains
Snowy slopes
Sparse jungle
Stony peaks
Stony shore
Swamp
Taiga
Windswept forest
Windswept gravelly hills
Windswept hills
Wooded badlands
 
Answer Stats
Answer % Correct
Desert
75%
Plains
63%
Savanna
63%
Cherry grove
38%
Frozen peaks
38%
Grove
38%
Jagged peaks
38%
Meadow
38%
Snowy plains
25%
Stony peaks
25%
Taiga
25%
Snowy slopes
13%
No matching quizzes found
Score Distribution
Percent of People with Each Score
Percentile by Number Answered
Your Score History
You have not taken this quiz